|
|
|
|
| LEADER |
00000nam a2200000 a 4500 |
| 001 |
vtls001385417 |
| 003 |
SK-MaSNL |
| 005 |
20260302000824.0 |
| 008 |
240314s2000 xo ap r yy slo |
| 015 |
|
|
|a SNBA2000/06-02033
|
| 020 |
|
|
|a 8080451672
|
| 035 |
|
|
|a SNK000339545
|
| 035 |
|
|
|a urn:nbn:sk:snk-amkkuf
|
| 035 |
|
|
|a urn:nbn:sk:snk-am003d23
|
| 035 |
|
|
|a 78A898A6-587F-43DB-AE5E-C53EF9A953DF
|
| 040 |
|
|
|a SNK
|b slo
|c SNK
|e AACR2
|
| 041 |
0 |
|
|a slo
|
| 044 |
|
|
|a xo
|c SK
|
| 080 |
|
|
|a 37.014.6+371.1(072)
|2 1981
|
| 080 |
|
|
|a 371.1(072)
|2 1981
|
| 100 |
1 |
|
|a Mačuga, Jozef
|4 aut
|9 300610
|
| 245 |
1 |
0 |
|a Štruktúra a obsah vnútroškolskej kontroly
|c Jozef Mačuga, Alexander Ernst
|
| 260 |
|
|
|a Prešov
|b Metodické centrum
|c 2000
|
| 300 |
|
|
|a 47 s.
|b tab.
|c 21 cm
|e 20 príl.
|
| 500 |
|
|
|a 400 výt.
|
| 504 |
|
|
|a Bibliogr. s. 47
|
| 650 |
0 |
7 |
|a školy
|x kontrola vnútroškolská
|x príručky
|2 SNK
|9 635905
|
| 655 |
|
7 |
|a príručky
|2 SNK
|9 74364
|
| 700 |
1 |
|
|a Ernst, Alexander
|4 aut
|9 11246
|
| 919 |
|
|
|a 80-8045-167-2
|
| 958 |
|
|
|a TL
|
| 958 |
|
|
|a NB
|
| 999 |
|
|
|c 981237
|d 983167
|
| 952 |
|
|
|t P60, <09>, [BOOK], {629}
|a SNK
|b SNK
|y NEVYP
|7 0
|o snkC 197
|i snk406/20000322
|0 0
|1 0
|4 0
|d 2000-03-21
|l 0
|r 2005-01-02 00:00:00
|w 2026-02-24
|
| 952 |
|
|
|t P60, <03>, [BOOK], {603}
|a SNK
|b SNK
|y PREZ
|7 0
|p 17A0232640
|o snkSC 101153
|i snkKSP 3189/2000
|0 0
|1 0
|4 0
|d 2000-03-21
|f 1
|l 0
|r 2025-09-19 00:00:00
|w 2026-02-24
|
| 952 |
|
|
|t P60, <04>, [BOOK], {604}
|a SNK
|b SNK
|y VYP
|7 0
|p 17A0232641
|o snkSC 101153 D1
|i snkKSP 3190/2000
|0 0
|1 0
|4 0
|d 2000-03-21
|l 0
|r 2005-01-02 00:00:00
|w 2026-02-24
|
| 952 |
|
|
|t P60, <03>, [BOOK], {603}
|a SNK
|b SNK
|y PREZ
|7 0
|p 17A0232953
|o snkSC 101153/príl.
|0 0
|1 0
|4 0
|d 2000-03-29
|l 0
|r 2025-09-19 00:00:00
|w 2026-02-24
|
| 952 |
|
|
|t P60, <04>, [BOOK], {604}
|a SNK
|b SNK
|y VYP
|7 0
|p 17A0232954
|o snkSC 101153/príl. D1
|0 0
|1 0
|4 0
|d 2000-03-29
|l 0
|r 2005-01-02 00:00:00
|w 2026-02-24
|